No greener meadows /

Bibliographic Details
Main Author: Yoseloff, Martin
Format: Book
Language:English
Published: New York : The Beechhurst press, [1946]

MARC

Tag First Indicator Second Indicator Subfields
LEADER 00000cam a2200000 4500
001 in00000026638
005 20151007062611.0
008 750731s1946 nyua 00010 eng u
010 |a  46018739  
035 |a (OCoLC)01495384 
035 |9 AAD5319AM 
040 |c JPL  |d TXA  |d UtOrBLW 
049 |a TXAM  |c [138010] 
050 0 0 |a PS3547.O427  |b N6 
082 0 |a 818.5 
092 |a 818  |b Y65n 
100 1 |a Yoseloff, Martin. 
245 1 0 |a No greener meadows /  |c by Martin Yoseloff, illustrated by Jeanne Tallec. 
264 1 |a New York :  |b The Beechhurst press,  |c [1946] 
300 |a 159 pages :  |b color illustrations ;  |c 21 cm. 
336 |a text  |b txt  |2 rdacontent 
337 |a unmediated  |b n  |2 rdamedia 
338 |a volume  |b nc  |2 rdacarrier 
999 |a MARS 
999 f f |s 745acbae-aa5a-3b12-af75-d7e194fda754  |i 6dc856c1-0691-317c-866d-26b6479e20a2  |t 0 
952 f f |p ric  |a Texas A&M University  |b Rellis Campus  |c Joint Library Facility  |d Remote Storage  |t 0  |e PS3547.O427 N6  |h Library of Congress classification  |i unmediated -- volume  |m A14801266096 
998 f f |a PS3547.O427 N6  |t 0  |l Remote Storage